Documento de AMPRONAC

محفوظ في:
التفاصيل البيبلوغرافية
مؤلف مشترك: Asociación de Mujeres ante la Problemática Nacional de Nicaragua
التنسيق: نص
منشور في: Managua :
الوسوم: إضافة وسم
لا توجد وسوم, كن أول من يضع وسما على هذه التسجيلة!

MARC

LEADER 00000 a a2200000 04500
001 18869
003
040
090 |a 015100  
110 |a Asociación de Mujeres ante la Problemática Nacional de Nicaragua  
245 |a Documento de AMPRONAC  
260 |a Managua :  
300 |a 71 p  
999 |c 13000  |d 13000